| 000 | 01377cam a2200361 a 4500 | ||
|---|---|---|---|
| 001 | 13739231 | ||
| 003 | OSt | ||
| 005 | 20140310182644.0 | ||
| 008 | 041004s2004 caua 000 0 eng | ||
| 010 | _a 2004558783 | ||
| 020 | _a1587611961 | ||
| 040 |
_aDLC _cDLC _dDLC |
||
| 050 | 0 | 0 |
_aBF 575 _b.J32 1981 |
| 082 | 0 | 0 |
_aM 158.1 _bJ24 1981 |
| 100 | 1 |
_aJampolsky, Gerald G., _d1925- |
|
| 245 | 1 | 0 |
_aLove is letting go of fear / _cGerald G. Jampolsky ; foreword by Hugh Prather ; illustrated by Jack Keeler. |
| 250 | _a25th anniversary ed. | ||
| 260 |
_aBerkeley : _bCelestial Arts, _cc2004. |
||
| 300 |
_axvii, 133 p. : _bill. ; _c23 cm. |
||
| 521 | _aHigh School Students to college Students | ||
| 526 | _c0L to 1700L | ||
| 541 | _j1 | ||
| 541 | _j2 | ||
| 562 | _eFor Circulation. 2 Copy in the collection | ||
| 650 | 0 | _aLove. | |
| 650 | 0 | _aFear. | |
| 856 | 4 | 2 |
_3Contributor biographical information _uhttp://www.loc.gov/catdir/enhancements/fy0909/2004558783-b.html |
| 856 | 4 | 2 |
_3Publisher description _uhttp://www.loc.gov/catdir/enhancements/fy0909/2004558783-d.html |
| 856 | 4 | 1 |
_3Table of contents only _uhttp://www.loc.gov/catdir/enhancements/fy1003/2004558783-t.html |
| 906 |
_a7 _bcbc _corigcop _d2 _encip _f20 _gy-gencatlg |
||
| 942 |
_2lcc _cBK _kM |
||
| 999 |
_c15047 _d15047 |
||